| 000 | 00840nas a2200277 4500 | ||
|---|---|---|---|
| 001 | BR0202031 | ||
| 003 | BR-BrBNA | ||
| 005 | 20231205102902.0 | ||
| 007 | ta | ||
| 008 | 230509b bl.|||p| |||| 00| 00por d | ||
| 040 |
_aBR-BrBNA _bpor _cBiblioteca Nacional de Agricultura |
||
| 041 | _a(Pt) | ||
| 072 | _aJ11 | ||
| 100 | 1 | _aCruz, R.G. da | |
| 100 | 1 | _aAlmeida, E.C. de | |
| 100 | 1 | _aAmorim, E. | |
| 100 | 1 | _aBorges, S.V. | |
| 245 | 1 | _aConservação refrigerada de carambolas em embalagens plásticas | |
| 650 | _aCARAMBOLA | ||
| 650 | _aEMBALAGEM | ||
| 650 | _aACONDICIONAMENTO | ||
| 650 | _aVIDA-DE-PRATELEIRA | ||
| 773 | 0 |
_tRevista Brasileira de Engenharia Agrícola e Ambiental (Brazil) _xISSN 1415-4366 _g(May-Aug 2001), v. 5(2) p. 279-282 _wBR0202031 |
|
| 909 |
_a202311 _bLúcia _c55 _dLúcia Elande |
||
| 942 |
_2AGRIS _n0 _cANA |
||
| 999 |
_c169883 _d169883 |
||